[Event "Extremadura-chT"]
[Site "Spain"]
[Date "2007.02.17"]
[Round "5.1"]
[White "Torres Perez, Juan Luis"]
[Black "Portela Garcia, Alvaro"]
[Result "1-0"]
[WhiteElo "1909"]
[BlackElo "1618"]
[PlyCount "79"]
[EventDate "2007.01.20"]
[EventType "team-swiss"]
[EventRounds "7"]
[EventCountry "ESP"]
[SourceTitle "EXT 2011"]
[Source "ChessBase"]
[SourceDate "2010.11.26"]
[SourceVersion "1"]
[SourceVersionDate "2010.11.26"]
[SourceQuality "1"]
[WhiteTeam "Tierra de Barros"]
[BlackTeam "Coria"]
[WhiteTeamCountry "ESP"]
[BlackTeamCountry "ESP"]

1. e4 e6 2. d4 d5 3. e5 c5 4. c3 Nc6 5. Nf3 Qb6 6. Bd3 Bd7 7. Bc2 Nge7 8. 0-0 Ng6 9. h4 cxd4 10. cxd4 Nb4 11. Ba4 Bxa4 12. Qxa4+ Qc6 13. Qxc6+ bxc6 14. Nbd2 Nd3 15. Nb3 Rc8 16. Rd1 Ngf4 17. Bxf4 Nxf4 18. Kf1 c5 19. dxc5 Be7 20. g3 Ng6 21. Rac1 Nf8 22. Rc2 Nd7 23. c6 Nb6 24. Nbd4 0-0 25. b3 f6 26. Nxe6 Rfe8 27. Nf4 fxe5 28. Nxd5 Nxd5 29. Rxd5 e4 30. Nd4 Bf6 31. Nf5 Be7 32. Rd7 Bf8 33. Rxa7 g6 34. Ne3 Bg7 35. Nd5 Bd4 36. Ne7+ Kh8 37. Nxc8 Bxa7 38. Nxa7 Ra8 39. c7 Rxa7 40. c8Q+ 1-0